[Event "ARG-ch sf U2300"]
[Site "General Pico"]
[Date "2018.05.12"]
[Round "2.6"]
[White "Barloa, Enzo"]
[Black "Clark, Jorge"]
[Result "1-0"]
[WhiteElo "1746"]
[BlackElo "1711"]
[PlyCount "69"]
[EventDate "2018.05.12"]
[EventType "swiss"]
[EventRounds "6"]
[EventCountry "ARG"]
[SourceTitle "EXT 2024"]
[Source "ChessBase"]
[SourceDate "2023.10.10"]
[SourceVersion "1"]
[SourceVersionDate "2023.10.10"]
[SourceQuality "1"]

1. d4 d5 2. c4 c6 3. Nc3 Nf6 4. Nf3 Bf5 5. e3 e6 6. Bd3 Bg4 7. h3 Bh5 8. Bd2 Nbd7 9. 0-0 Bd6 10. c5 Be7 11. Be2 Qc7 12. b4 0-0 13. a4 Rfe8 14. b5 Bxf3 15. Bxf3 e5 16. a5 cxb5 17. Nxb5 Qc6 18. Rb1 e4 19. Be2 b6 20. cxb6 axb6 21. axb6 Nxb6 22. Qb3 Rab8 23. Rfc1 Qd7 24. Qd1 Rec8 25. Rxc8+ Rxc8 26. Rc1 Nc4 27. Bxc4 dxc4 28. Nc3 Qe6 29. Qc2 Bb4 30. Nxe4 Nd5 31. Ng5 Qg6 32. Qxg6 hxg6 33. Bxb4 Nxb4 34. Ne4 Rc6 35. Nc5 1-0